00938nam a22001817a 4500008004100000040005500041080002100096245008900117260006300206300001100269500006400280650001500344653001100359942001300370999001700383952017800400952017800578230426b |||||||| |||| 00| 0 eng d aNational Science LibrarycNational Science Library aD 02:681.3bN9.2 aCommonwealth universities yearbook 1999 c/ Association of Commonwealth Universities aLondon: bAssociation of Commonwealth Universities, c1999 a1077p. aVol. 1 (Australia to Nigeria) Vol. 2 (Pakistan to Zimbabwe) aManagement aRubber 2udccREF c23765d23765 00102udc406D_026813_N9270934867aNSLbNSLcGF/Rk-23/C-6/R-3d1999-06-10hVol. 1 (Australia to Nigeria)l0oD 02:681.3 N9.2p178574r2023-04-26 00:00:00w1999-06-10yREF 00102udc406D_026813_N9270934868aNSLbNSLcGF/Rk-23/C-6/R-3d1999-06-10hVol. 2 (Pakistan to Zimbabwe)l0oD 02:681.3 N9.2p178575r2023-04-26 00:00:00w1999-06-10yREF